Perl by Example

Salvato in:
Dettagli Bibliografici
Autore principale: Quigley, Ellie (Autore)
Natura: Libro
Lingua:ceco
Pubblicazione: Upper Saddle River : Prentice Hall, 2007
Edizione:4.ed.
Soggetti:
Tags: Aggiungi Tag
Nessun Tag, puoi essere il primo ad aggiungerne!!

MARC

LEADER 00000nam a22000003a 4500
001 stu169217
005 20150617230017.0
008 080911s2005----xxu-----------------cze-d
020 |a 978-0-13-238182-6 
040 |a STU  |b slo 
041 0 |a cze 
044 |a xxu 
080 |a 004.42 Perl  |7 stu_us_auth*stu746 
100 1 |a Quigley, Ellie  |4 aut 
245 1 |a Perl by Example 
250 |a 4.ed. 
260 |a Upper Saddle River :  |b Prentice Hall,  |c 2007 
300 |a 971 s 
650 7 |a programovacie jazyky  |2 stusub 
650 7 |a Perl  |2 stusub 
996 |b 284EK87526  |c E*87526  |l EE30  |s P  |a 0  |w stu169217_0001